Demi Lovato Charting Songs (Billboard Hot 100) - Statistics

General Stats
  • This quiz has been taken 215 times
    128 since last reset
  • The average score is 18 of 37
Answer Stats
Album Weeks On Peak Artist(s) Song % Correct
Confident 20 Weeks #21 Demi Lovato Confident
91%
Tell Me You Love Me 36 Weeks #6 Demi Lovato Sorry Not Sorry
87%
Demi 20 Weeks #10 Demi Lovato Heart Attack
84%
Unbroken 15 Weeks #10 Demi Lovato Skyscraper
84%
Camp Rock 7 Weeks #9 Demi Lovato & Joe Jonas This Is Me
81%
Frozen 20 Weeks #38 Demi Lovato Let It Go
79%
Confident 20 Weeks #11 Demi Lovato Cool for the Summer
78%
Tell Me You Love Me 20 Weeks #53 Demi Lovato Tell Me You Love Me
74%
Dancing with the Devil... the Art of Starting Over 2 Weeks #56 Demi Lovato Dancing with the Devil
70%
Don't Forget 9 Weeks #41 Demi Lovato Don't Forget
69%
Demi 18 Weeks #26 Demi Lovato ft. Cher Lloyd Really Don't Care
69%
Here We Go Again 9 Weeks #15 Demi Lovato Here We Go Again
65%
Unbroken 32 Weeks #16 Demi Lovato Give Your Heart a Break
61%
Demi 20 Weeks #36 Demi Lovato Neon Lights
61%
Dancing with the Devil... the Art of Starting Over 2 Weeks #61 Demi Lovato ft. Ariana Grande Met Him Last Night
57%
What is Love? 13 Weeks #58 Clean Bandit ft. Demi Lovato Solo
56%
Non-Album Single 23 Weeks #38 Cheat Codes ft. Demi Lovato No Promises
53%
Don't Forget 8 Weeks #52 Demi Lovato La La Land
52%
Vida 20 Weeks #47 Luis Fonsi & Demi Lovato Echame La Culpa
51%
Holy Fvck 1 Week #96 Demi Lovato 29
49%
Unbroken 1 Week #98 Demi Lovato Unbroken
49%
Non-Album Single 3 Weeks #47 Demi Lovato Sober
48%
Demi 2 Weeks #80 Demi Lovato Made in the USA
44%
Dancing with the Devil... the Art of Starting Over 2 Weeks #34 Demi Lovato Anyone
36%
Love Goes and Dancing with the Devil... the Art of Starting Over 4 Weeks #36 Sam Smith & Demi Lovato I'm Ready
36%
Non-Album Single 5 Weeks #20 Disney's Friends for Change Send It On
35%
Dancing with the Devil... the Art of Starting Over 6 Weeks #36 Marshmello & Demi Lovato OK Not to Be OK
32%
Don't Forget 6 Weeks #43 Demi Lovato Get Back
29%
Dancing with the Devil... the Art of Starting Over 10 Weeks #18 Demi Lovato I Love Me
29%
Disney Channel Playlist 1 Week #82 Selena Gomez & Demi Lovato One and the Same
28%
Wake Up, Sunshine 17 Weeks #55 All Time Low ft. Demi Lovato & blackbear Monsters
23%
Non-Album Single 1 Week #84 Demi Lovato Body Say
21%
Here We Go Again 1 Week #89 Demi Lovato Catch Me
18%
Unbroken 1 Week #69 Demi Lovato Fix a Heart
18%
Don't Forget 1 Week #100 Demi Lovato ft. Jonas Brothers On the Line
15%
Non-Album Single 1 Week #84 Disney's Friends for Change Make a Wave
7%
Smile Kid 6 Weeks #76 WE the Kings ft. Demi Lovato We'll Be a Dream
7%
No matching quizzes found
Score Distribution
Percent of People with Each Score
Percentile by Number Answered
Your Score History
You have not taken this quiz since the last reset